| 000 | 00467nam a2200205Ia 4500 | ||
|---|---|---|---|
| 003 | OSt | ||
| 005 | 20230420150643.0 | ||
| 008 | 210423s2003 xx 000 0 und d | ||
| 020 | _a9780670873845 | ||
| 040 | _cAL | ||
| 041 | _aeng | ||
| 082 | _a823 NARR | ||
| 100 |
_aNARAYAN (R K). _991135 |
||
| 245 | _aMy days. | ||
| 260 |
_aNew Delhi _bPenguin Books Ltd _c2003 |
||
| 300 |
_avii,247 _bPB |
||
| 365 |
_b350 _cINR |
||
| 906 | _adays. ; My | ||
| 942 |
_2ddc _cBK |
||
| 999 |
_c160345 _d160345 |
||